00219nam a2200085Ia 4500008004100000100001900041245002200060260004200082260000900124170620s9999 xx 000 0 und d aKrishna- V. V. 0aSchool Psychology bNew Delhi- Discovery Publishing House c2006